Liability of professional advisers : Caparo and after (Record no. 28871)

MARC details
000 -LEADER
fixed length control field 01071cab a2200205 4500
001 - CONTROL NUMBER
control field ABS44154
008 - FIXED-LENGTH DATA ELEMENTS--GENERAL INFORMATION
fixed length control field 090401t1991 xxu||||| |||| 00| 0 eng d
035 ## - SYSTEM CONTROL NUMBER
System control number (Sirsi) u45566
041 ## - LANGUAGE CODE
Language code of text/sound track or separate title eng
100 ## - MAIN ENTRY--PERSONAL NAME
Personal name Morris, G.
245 ## - TITLE STATEMENT
Title Liability of professional advisers : Caparo and after
260 ## - PUBLICATION, DISTRIBUTION, ETC.
Date of publication, distribution, etc. 1991
350 ## - PRICE (NR) (BK AM CF MU VM SE) [OBSOLETE]
Price 0
490 ## - SERIES STATEMENT
Series statement Journal of Business Law
Volume/sequential designation January 1991, 36-48(13)
520 ## - SUMMARY, ETC.
Summary, etc. Discusses the scope of tortious liability for negligently furnished information and advice following the decision in Caparo Industries plc v Dickman (Abs 42588). This case affirms that the search for a general test of liability in tort should be abandoned. The correct approach is to examine whether a case falls within an existing category where liability has been upheld, with new categories being developed by comparison with established existing catagories rather than by reference to a general test. (Based on journal abstract)
650 ## - SUBJECT ADDED ENTRY--TOPICAL TERM
Topical term or geographic name entry element NEGLIGENCE
690 ## - LOCAL SUBJECT ADDED ENTRY--TOPICAL TERM (OCLC, RLIN)
Topical term or geographic name as entry element MANAGEMENT-BUSINESS MANAGEMENT-PROFESSIONAL PRACTICE
942 ## - ADDED ENTRY ELEMENTS (KOHA)
Suppress in OPAC 0
948 ## - LOCAL PROCESSING INFORMATION (OCLC); SERIES PART DESIGNATOR (RLIN)
c (OCLC) 04/03/1997
Holdings
Withdrawn status Lost status Source of classification or shelving scheme Damaged status Not for loan Home library Current library Shelving location Date acquired Total Checkouts Full call number Barcode Date last seen Copy number Price effective from Koha item type
    Dewey Decimal Classification     London London Journal article 14/09/1999   ABS44154 45566-1001 06/08/2019 1 06/08/2019 Journal article